00825nam a22001697a 4500003000900000005001700009008004100026040001300067110002900080245013800109260002800247300004000275500011100315650005000426651005000476856012900526BR-ViAPE20260417121307.0260417s1927 por gs||||s000 0 por d cBR-ViAPE aEspírito SantobEstado aRelatório apresentado ao Presidente do Estado, pelo Secretario da Instrução - Ubaldo Ramalhete Maia, em 15 de fevereiro de 1927 aVitóriab[s.n.]c1927 a58 p.bDocumento digitalizado (PDF) aDocumento digitalizado do acervo institucional do Arquivo Público do Estado do Espírito Santo - APEES. xAdministração públicazEspírito Santo aEspírito SantoxRelatórios governamentais uhttps://ape.es.gov.br/Media/ape/PDF/Relatorios/1919/relatorio%205%20-%20ano%201927.pdfyCLIQUE AQUI PARA ACESSAR O DOCUMENTO